000 00401cam a2200169ua 4500
001 5892
005 20260515113942.0
008 131028n ii |||gr||||Z||||||eng
040 _cMAIN
082 _a954
245 _aIndian History
_b( Hindu period)
260 _aNew Delhi:
_bCareers Digest Publications.
300 _a236p.
653 _aSouth Asia India
653 _aIndian History
942 _cBK
999 _c5041
_d5041